Normal view
MARC view
Entry Personal Name
001 - CONTROL NUMBER
- control field: 16872
003 - CONTROL NUMBER IDENTIFIER
- control field: BD-RjUL
005 - DATE AND TIME OF LATEST TRANSACTION
- control field: 20250914115636.0
008 - FIXED-LENGTH DATA ELEMENTS
- fixed length control field: 250914|| aca||aabn | a|a d
040 ## - CATALOGING SOURCE
- Original cataloging agency: BD-RjUL
- Transcribing agency: BD-RjUL
100 ## - HEADING--PERSONAL NAME
- Personal name: Wahid-ul-Zaman, Muhammad
670 ## - SOURCE DATA FOUND
- Source citation: Work cat.: (BD-RjUL)85701: :البخاري، محمد بن اسماعيل، / Bukhārī, Muḥammad ibn Ismāʻīl م 16870, تیسیر الباری مطلب خیز ترجمه صحیح البخاری / Taysīr al-bārī mat̤labk̲h̲ez tarjumah ṣaḥīḥ al-Buk̲h̲ārī /, 1905